<The> Sustainability of the Existing Cost Management System With an Emphasis on the Public Sector

Prístupy riadenia nákladov vo verejnom a súkromnom sektore s dôrazom na verejný sektor. Údaje zhromaždené v roku 2017 a 2018 v Českej republike. Hlavné výsledky poukazujúce na nevyužívanie kalkulácie založenej na činnostiach a že medzi verejným a súkromným sektorom nie sú štatisticky významné rozdie...

Descrizione completa

Salvato in:
Dettagli Bibliografici
Autore principale: Výstupová, Lenka
Altri autori: Zámečník, Roman, Kozubíková, Ludmila
Natura: Capitolo di libro
Lingua:inglese
Soggetti:
Tags: Aggiungi Tag
Nessun Tag, puoi essere il primo ad aggiungerne!!

MARC

LEADER 00000naa a2200000 4500
001 0264220
005 20200616132144.5
041 0 |a eng 
044 |a CZ 
245 1 0 |a <The> Sustainability of the Existing Cost Management System With an Emphasis on the Public Sector  |c Lenka Výstupová, Roman Zámečník, Ludmila Kozubíková 
520 |a Prístupy riadenia nákladov vo verejnom a súkromnom sektore s dôrazom na verejný sektor. Údaje zhromaždené v roku 2017 a 2018 v Českej republike. Hlavné výsledky poukazujúce na nevyužívanie kalkulácie založenej na činnostiach a že medzi verejným a súkromným sektorom nie sú štatisticky významné rozdiely. Verejný aj súkromný sektor, ak vedie záznamy o účtovníctve vedenia, účtuje náklady spôsobom, ktorým by bolo možné kedykoľvek určiť celkové náklady na ich činnosti. 
610 2 0 |a sektor verejný 
610 2 0 |a kalkulácia nákladov 
610 2 0 |a alokácia nákladov 
610 2 0 |a sektor súkromný 
610 2 0 |a náklady 
100 1 |a Výstupová, Lenka 
700 1 |a Zámečník, Roman 
700 1 |a Kozubíková, Ludmila